000 00274nam a22001337a 4500
008 170419b xxu||||| |||| 00| 0 eng d
020 _a9781889538235
041 _aeng
080 _a573
100 _a11
101 _aSHM
245 _aBULBS
_cHANSON, B
942 _2udc
_cBK
999 _c11187
_d11187